| 000 | 00442cam a22001337a 4500 | ||
|---|---|---|---|
| 008 | 180718b1962 xxu||||| |||| 00| 0 eng d | ||
| 082 | _aT394x42 Sh18 | ||
| 100 | _aShanks, Michael | ||
| 245 |
_aBritain and the new Europe: the future of the common market _cby Michael Shanks and John Lambert |
||
| 260 |
_aLondon _bChatto and Windus _c1962 |
||
| 300 | _a253p. | ||
| 650 | _aEuropean Economic Community --Great Britain | ||
| 700 | _aLambert, John | ||
| 999 |
_c434025 _d434025 |
||